| 000 | 00751nam a2200193 i 4500 | ||
|---|---|---|---|
| 001 | 162780 | ||
| 003 | ES-MaACL | ||
| 005 | 20240501063052.0 | ||
| 008 | 011204s1896 it |||| | ita d | ||
| 040 |
_aCAM _bspa _cCAM |
||
| 100 | 0 |
_aQuental, Antero de _d1842-1891 _994520 |
|
| 245 | 1 | 0 |
_aZara _b: versi sopra un sepolcro / _cscritti da Anthero de Quental ; tradotti da Parecchi; noterelle di E. Teza. |
| 250 | _a2ยช ed. | ||
| 260 |
_aGenova : _b[s.n.], _c1896 ( _ftipografia R. Instituto Sordo-Muti) |
||
| 300 |
_a20 p. ; _c19 cm. |
||
| 700 | 1 |
_aTeza, E. _9133204 |
|
| 852 |
_aES-MaACL _jT-768-F-3 _z-- Enc. hol., consercando la enc. original _z-- Ded. de Joaquim de Arujo, Genova 96, al Ateneo de Madrid |
||
| 999 |
_c162780 _d162780 |
||